Catholic University of Zimbabwe Library
Online Public Access Catalogue
(OPAC)

Gordon : (Record no. 1194)

MARC details
000 -LEADER
fixed length control field 00531cam a22001932 4500
001 - CONTROL NUMBER
control field 0000001277
005 - DATE AND TIME OF LATEST TRANSACTION
control field 20170406113316.0
008 - FIXED-LENGTH DATA ELEMENTS--GENERAL INFORMATION
fixed length control field 131212s xx 000 0 eng d
020 ## - INTERNATIONAL STANDARD BOOK NUMBER
Terms of availability $
040 ## - CATALOGING SOURCE
Original cataloging agency Your Holding Symbol
Transcribing agency Your Holding Symbol
100 1# - MAIN ENTRY--PERSONAL NAME
Personal name Nutting,Anthony.
245 10 - TITLE STATEMENT
Title Gordon :
Remainder of title martyr and misfit.
250 ## - EDITION STATEMENT
Edition statement ed.
260 ## - PUBLICATION, DISTRIBUTION, ETC.
Place of publication, distribution, etc. london :
Name of publisher, distributor, etc. The print society,
Date of publication, distribution, etc. 1966.
300 ## - PHYSICAL DESCRIPTION
Extent 286 p. ;
Dimensions cm.
650 #0 - SUBJECT ADDED ENTRY--TOPICAL TERM
Topical term or geographic name entry element grest britain.
908 ## - PUT COMMAND PARAMETER (RLIN)
Put command parameter 131212
Holdings
Withdrawn status Lost status Source of classification or shelving scheme Damaged status Not for loan Home library Current library Shelving location Date acquired Total Checkouts Full call number Barcode Date last seen Price effective from Koha item type Copy number
          CUZ Harare Campus CUZ Harare Campus Open Shelf 06.04.2017   DA 6832G6 N8 BK0001569 22.05.2025 06.04.2017 OS Book  
          CUZ Harare Campus CUZ Harare Campus Open Shelf 06.04.2017   DA 6832G6 N8 BK0001560 22.05.2025 06.04.2017 OS Book CU5337

OPENING HOURS

Weekdays: 0815hrs - 1800hrs
Weekends:0900hrs - 1200hrs

Closed for Mass:

Mon, Thur: 1200hrs - 1300hrs
Sunday & Public Holiday’s

CALL SUPPORT

0242-570570, 0242-570169
09200664, +263 8644140602

LOCATION

18443, Cranborne Avenue, Hatfield, Harare

Other Links


©2021 | CUZ Library